[Event "22nd ECCC Women 2017"]
[Site "Antalya"]
[Date "2017.10.11"]
[Round "3"]
[White "Shvayger, Yuliya"]
[Black "Okuyaz, Duru"]
[Result "1-0"]
[WhiteElo "2442"]
[BlackElo "2233"]
[Annotator "TA"]
[PlyCount "69"]
[EventType "team-tourn"]
[EventCountry "TUR"]
[SourceTitle "playchess.com"]
[Source "ChessBase"]
[SourceQuality "1"]
[WhiteTeam "Beer Sheva"]
[BlackTeam "Marmara"]

{[%evp 16,69,23,11,18,4,16,8,8,0,8,0,8,0,12,16,14,0,7,-23,9,0,0,-6,45,43,43,35,79,1,10,0,0,-95,0,0,0,-82,-67,-208,200,175,512,504,497,490,703,687,1124,1118,1121,1117,1021,1104,1670,1656]} 1. d4 d5 2. Bf4 Nf6 3. e3 e6 4. Nf3 c5 5. c3 Nc6 6. Nbd2 Bd6 7. Bg3 Bxg3 {D02: 1 d4 d5 2 Nf3 sidelines, including 2...Nf6 3 g3 and 2...Nf6 3 Bf4} (7... O-O 8. Bd3 b6 9. Qe2 Bb7 10. Rd1 Re8 11. e4 e5 12. dxe5 Nxe5 13. Nxe5 Bxe5 14. f4 dxe4 15. Bb5 Bc7 16. Nc4 Qe7 17. Bxe8 Rxe8 {1-0 (61) Le,Q (2739)-Caruana,F (2807) Saint Louis 2017}) 8. hxg3 Qb6 9. Qc2 {LiveBook: 3 Games} h6 {The position is equal.} 10. Be2 Bd7 11. O-O $146 ({Predecessor:} 11. dxc5 Qxc5 12. Nb3 Qb6 13. Nfd2 Rc8 14. Rh4 {0-1 (29) Blackwell,E-Hurn,R Newport 2004}) 11... O-O 12. Rac1 Rac8 13. Qb1 Ne7 14. Rfe1 Nf5 15. Bd3 Nd6 16. Ne5 Qc7 17. f4 Bb5 18. Bc2 Qe7 19. g4 cxd4 (19... b6 $11) 20. exd4 $14 Nd7 21. Ndf3 Nc4 22. g5 ({White should try} 22. Nxc4 $16 Bxc4 23. b3) 22... Ndxe5 $11 23. fxe5 hxg5 {Threatens to win with ...g4.} 24. Bh7+ Kh8 {Hoping for ...g6.} 25. Kf2 $1 g6 $1 {[#]} 26. Rh1 (26. Bxg6 $1 $11 {[%mdl 512] keeps the balance.} fxg6 27. Qxg6) 26... Kg7 $17 {And now ...Rh8 would win.} 27. Rh2 (27. Rce1 $15) 27... Rh8 $4 {[%mdl 8192] [#]} (27... g4 $19 {avoids the disaster.} 28. Rch1 Nd2 $1 {[%mdl 512]} 29. Nxd2 g3+ 30. Kxg3 Qg5+ 31. Kf3 Qxd2) 28. Rch1 $1 $18 {[%cal Bc1h1,Bh1h2,Bh2h7,Bh7f7][%mdl 32]} Kf8 $2 (28... Nb6 {is tougher.}) 29. Bxg6 {White is clearly winning.} Rxh2 30. Rxh2 Ke8 (30... fxg6 $142 31. Qh1 (31. Qxg6 Qg7 $11) (31. Rh8+ Kg7 $16) 31... Ke8) 31. Rh7 Kd8 32. Rxf7 Qe8 33. Qc1 Bd7 34. b3 Nb6 35. Qa3 {Precision: White = 46%, Black = 38%.} 1-0

[Event "22nd ECCC Women 2017"]
[Site "Antalya"]
[Date "2017.10.13"]
[Round "3"]
[White "Nechaeva, Marina"]
[Black "Khotenashvili, Bela"]
[Result "1-0"]
[WhiteElo "2431"]
[BlackElo "2459"]
[Annotator "TA RC"]
[PlyCount "145"]
[EventType "team-tourn"]
[EventCountry "TUR"]
[WhiteTeam "UGRA"]
[BlackTeam "Batumi"]

{[%evp 18,145,16,13,37,21,12,6,29,17,78,72,69,66,100,94,116,113,116,122,173,163,191,188,196,193,190,179,190,191,221,210,222,214,207,214,229,229,218,214,225,218,245,235,236,236,246,236,254,241,267,264,284,272,266,233,283,282,338,325,398,385,403,391,387,392,435,435,435,435,414,393,345,341,631,631,631,631,1607,1607,1894,1514,12835,5435,12850,12851,29940,29941,29943,29942,29946,29949,29949,12846,29941,29937,29942,12848,12850,12850,12845,29948,29941,29936,29978,29973,29979,29954,11796,29938,12798,12798,11744,8381,4622,4618,12798,10246,29969,29969,29981,29982,29982,29983,29981,29978,29991,29992,29996,29997]} 1. d4 Nf6 2. c4 g6 3. Nf3 Bg7 4. g3 O-O 5. Bg2 d6 6. O-O Nc6 7. Nc3 e5 8. dxe5 dxe5 9. Bg5 Be6 10. Nd2 {[%cal Bf3d2,Bd2e4,Be4c5,Bc5d7,Bd7b8,Bb8c6][%mdl 32] LiveBook: 14 Partien} Qb8 {E62: Königsindisch (6...Sc6)} (10... Qc8 11. Nd5 Nd7 12. b4 h6 13. Be3 Re8 14. Rc1 Nd4 15. Bxd4 exd4 16. Nb3 c5 17. bxc5 Nxc5 18. Nxd4 {1-0 (41) Banusz,T (2613)-Radjabov,T (2722) Monzon 2016}) 11. Bxf6 $146 ({Vorgänger:} 11. Nd5 Nd7 12. b4 Nd4 13. e3 Nf5 14. e4 Nd4 15. Be3 c6 16. Bxd4 exd4 17. Nf4 Qd6 18. Nd3 {0-1 (31) Arsovic,G (2392)-Jojua,D (2590) Sarajevo 2017}) 11... Bxf6 12. Nde4 Be7 {Die Stellung ist ausgeglichen.} 13. Nd5 Bxd5 (13... Qd8 $11) 14. cxd5 $16 Nd4 15. Rc1 $36 {[%mdl 2048] Weiss hat Druck.} a5 16. e3 Nb5 17. Nc5 Rd8 18. Qa4 Nd6 {[#]} (18... Bxc5 $16 19. Rxc5 Nd6) 19. Nd7 $1 $18 {[%cal Rd7b8]} b5 20. Nxb8 bxa4 21. Nc6 ({Lieber nicht} 21. Rxc7 Raxb8 22. Rxe7 Rxb2 $11) 21... Re8 22. Nxe5 Bf6 {[#]} 23. Nd3 $1 Ra7 24. Rc2 Nb5 25. a3 Nd6 26. Nc5 h5 27. Rfc1 Re7 28. Nxa4 h4 29. Nc5 g5 30. Bh3 hxg3 31. hxg3 Bg7 32. Bf1 Bf6 33. b3 Kg7 34. Na6 Rb7 35. b4 ({Jedoch nicht} 35. Rxc7 $6 Rexc7 36. Nxc7 Bd8 $18) 35... axb4 36. axb4 Ne8 37. b5 Ra7 38. Bg2 Rd7 39. Nb8 Rd6 40. Nc6 Ra3 41. e4 {[%cal Be3e4,Be4e5][%mdl 32]} Rb3 42. e5 Rxc6 43. Rxc6 ({Keinesfalls} 43. dxc6 Bxe5 44. Rc5 f6 $18) 43... Bxe5 44. Re1 f6 45. Re6 Kf8 $2 (45... Nd6 46. Re7+ Kf8 47. Rxc7 Rxb5) 46. Rxe8+ Kxe8 47. f4 $1 gxf4 48. gxf4 Rxb5 49. fxe5 fxe5 50. Rxe5+ {[%mdl 4096] Endspiel KTL-KT} Kd7 51. Kf2 Kd8 52. Re6 Rb3 53. Bf3 Kd7 54. Kg3 Rb4 55. Rf6 (55. Be4 $142 Rd4 56. Kf4 Rd1 57. Rc6 Kd8 58. Bf3 Rf1 59. Ke3 Re1+ 60. Kd4) 55... Ke7 56. Rf4 Rb5 57. Kg4 (57. Rc4 $142 Kd7 58. Kf4 Rb1 59. Rc6 Ra1 60. Bg4+ Kd8 61. Bh3 Rd1 62. Ke5) 57... Rc5 58. Ra4 Kd7 59. Kf4 Rc3 60. Ra6 Rb3 61. Be4 Rb2 62. Ke5 Re2 63. Kd4 Rf2 64. Kc5 Rf1 65. Ra2 Rc1+ 66. Rc2 Rf1 67. Bd3 Rg1 68. Bb5+ {Weiß setzt Matt.} Kd8 69. Re2 {[%csl Gb5][%cal Re2e8]} Rc1+ 70. Kd4 {[%csl Gb5][%cal Re2e8]} Rd1+ 71. Kc3 {[%csl Gb5][%cal Re2e8]} Kc8 72. Bc6 {[%cal Re2e8]} Kb8 73. Ra2 {Precision: Weiß = 91%, Schwarz = 23%.} 1-0

[Event "22nd ECCC Women 2017"]
[Site "Antalya"]
[Date "2017.10.12"]
[Round "3"]
[White "Zhukova, Natalia"]
[Black "Mamedjarova, Zeinab"]
[Result "1-0"]
[WhiteElo "2426"]
[BlackElo "2298"]
[Annotator "TA"]
[PlyCount "79"]
[EventType "team-tourn"]
[EventCountry "TUR"]
[WhiteTeam "Bossa Nova"]
[BlackTeam "Odlar Yurdu"]

{[%evp 17,79,13,62,43,77,27,79,86,164,170,247,158,269,272,271,272,291,253,349,349,435,450,497,294,347,236,430,439,443,436,454,450,820,842,851,825,1635,1550,29986,29987,29989,29983,29983,29984,29984,29985,29985,1280,29986,29987,29987,29988,29988,0,1124,0,29988,29989,29989,29990,29995,29996,29996,29995]} 1. d4 d5 2. c4 dxc4 3. e4 {[%cal Be2e4,Be4e5][%mdl 32]} Nf6 4. e5 Nd5 5. Bxc4 Nb6 6. Bb3 Nc6 7. Ne2 Bf5 8. Nbc3 e6 9. O-O Nb4 {LiveBook: 5 Games. D20: Queen's Gambit Accepted: 3 e3 and 3 e4} (9... Qd7 10. Be3 Nb4 11. Nf4 N4d5 12. Ncxd5 Nxd5 13. Qf3 c6 14. Nxd5 cxd5 15. Qg3 Bg6 16. h4 Be7 17. Rfc1 {½-½ (38) Duda,J (2707)-Laznicka,V (2664) Linares 2017}) 10. Ng3 Bg6 11. a3 N4d5 (11... Nd3 $11 {remains equal.}) 12. f4 $146 ({Predecessor:} 12. Bd2 Be7 13. Nxd5 Nxd5 14. f4 c6 15. f5 exf5 16. Nxf5 Bxf5 17. Rxf5 {0-1 (37) Schalkwijk,P (1428)-Milde,L (1643) LSS email 2011}) 12... Ne7 {[#]} (12... Qd7 $16) 13. d5 $1 $18 {[%cal Rd5e6][%mdl 512]} Qc8 (13... Qd7 $142) (13... Nbxd5 14. Nxd5) 14. Qf3 h5 ({But not} 14... Nexd5 $2 15. f5 $18) (14... exd5 $16 15. f5 (15. Bxd5 Nbxd5 16. Nxd5 Nf5 $14) 15... Bxf5) 15. dxe6 fxe6 16. Be3 h4 17. Nge4 Bf5 18. Rac1 Nc6 19. Nb5 {[%cal Bc3b5,Bb5d4,Bd4f5][%mdl 32]} Be7 20. Bc5 (20. g4 $142 hxg3 21. Nxg3) 20... a6 21. Bxe7 Kxe7 $2 (21... axb5 22. Bc5 Na4 23. Bxa4 Rxa4) 22. Rxc6 bxc6 23. Nd4 Qd7 24. Rd1 Bxe4 (24... Qe8 $142 25. Ng5 Rh6) 25. Qxe4 Nd5 26. f5 exf5 27. Nxf5+ Kf8 28. e6 Qe8 29. Rxd5 cxd5 30. e7+ Kf7 31. Bxd5+ Kf6 32. Qe6+ Kg5 33. Qe5 Kg6 34. Be4 Kf7 35. Bd5+ (35. Qxg7+ $142 Ke6 36. Nd4+ Kd7 37. Bf5+ Kd6 38. Qf6+ Kd5 39. Nb3 Qg8 40. Qd4+ Kc6 41. Na5+ Kb5 42. Qb4#) 35... Kg6 36. Be4 $40 {[%mdl 128] Black needs to defend precisely.} (36. Nxg7 $18 Qa4 37. Bf3) 36... Kf7 37. Qxg7+ {White mates.} Ke6 38. Nd4+ Kd6 39. Qf6+ Kc5 40. Ne6+ {Precision: White = 74%, Black = 20%.} 1-0

[Event "22nd ECCC Women 2017"]
[Site "Antalya"]
[Date "2017.10.11"]
[Round "3"]
[White "Voit, Daria"]
[Black "Cosma, Elena-Luminita"]
[Result "1/2-1/2"]
[WhiteElo "2387"]
[BlackElo "2333"]
[Annotator "ChessBase"]
[PlyCount "61"]
[EventType "team-tourn"]
[EventCountry "TUR"]
[SourceTitle "playchess.com"]
[Source "ChessBase"]
[SourceQuality "1"]
[WhiteTeam "Legacy Square Capital"]
[BlackTeam "Timisoara"]
[TimeControl "40/5400+30:1800+30"]

1. d4 {[%emt 0:00:30]} d5 {[%emt 0:01:00]} 2. c4 {[%emt 0:00:00]} e6 {[%emt 0:00:00]} 3. Nf3 {[%emt 0:00:00]} Nf6 {[%emt 0:00:00]} 4. g3 {[%emt 0:00:00]} Bb4+ {[%emt 0:00:30]} 5. Bd2 {[%emt 0:00:00]} Be7 {[%emt 0:00:00]} 6. Bg2 {[%emt 0:00:00]} c6 {[%emt 0:00:00]} 7. Qc2 {[%emt 0:00:00]} Nbd7 {[%emt 0:00:30]} 8. O-O {[%emt 0:00:30]} O-O {[%emt 0:00:30]} 9. a4 {[%emt 0:00:30]} a5 {[%emt 0:00:30]} 10. Rc1 {[%emt 0:00:00]} b6 {[%emt 0:03:30]} 11. cxd5 {[%emt 0:00:00]} cxd5 {[%emt 0:00:00]} 12. Nc3 {[%emt 0:04:30]} Ba6 {[%emt 0:01:00]} 13. Nb5 {[%emt 0:03:30]} Ne4 {[%emt 0:09:30]} 14. Be1 {[%emt 0:19:30]} Rc8 {[%emt 0:07:30]} 15. Qb3 {[%emt 0:06:30]} Rxc1 {[%emt 0:13:30]} 16. Rxc1 {[%emt 0:00:30]} Qb8 {[%emt 0:00:00]} 17. e3 {[%emt 0:01:30]} Rc8 {[%emt 0:00:00]} 18. Rxc8+ {[%emt 0:01:30]} Qxc8 {[%emt 0:00:30]} 19. Bf1 {[%emt 0:00:30]} Qc1 {[%emt 0:05:30]} 20. Kg2 {[%emt 0:05:30]} g5 {[%emt 0:10:30]} 21. h3 {[%emt 0:05:30]} h5 {[%emt 0:01:30]} 22. Bc3 {[%emt 0:01:30]} Ndf6 {[%emt 0:10:30]} 23. Bd3 {[%emt 0:11:30]} g4 {[%emt 0:18:31]} 24. hxg4 {[%emt 0:00:30]} Nxf2 {[%emt 0:08:57]} 25. Kxf2 {[%emt 0:12:30]} Nxg4+ {[%emt 0:01:17]} 26. Kg2 {[%emt 0:00:00]} Nxe3+ {[%emt 0:00:43]} 27. Kf2 {[%emt 0:02:00]} Ng4+ {[%emt 0:02:54]} 28. Kg2 {[%emt 0:00:30]} Ne3+ {[%emt 0:00:35]} 29. Kf2 {[%emt 0:00:30]} Ng4+ {[%emt 0:00:42]} 30. Kg2 {[%emt 0:00:00]} Ne3+ {[%emt 0:00:07]} 31. Kf2 {[%emt 0:00:00]} 1/2-1/2

[Event "22nd ECCC Women 2017"]
[Site "Antalya"]
[Date "2017.10.12"]
[Round "3"]
[White "Yildiz, Betul Cemre"]
[Black "Haussernot, Cecile"]
[Result "1-0"]
[WhiteElo "2350"]
[BlackElo "2169"]
[Annotator "ChessBase"]
[PlyCount "113"]
[EventType "team-tourn"]
[EventCountry "TUR"]
[WhiteTeam "Anatolia"]
[BlackTeam "Mulhouse Philidor"]
[TimeControl "40/5400+30:1800+30"]

1. e4 {[%emt 0:00:30]} c5 {[%emt 0:01:00]} 2. Nf3 {[%emt 0:00:30]} d6 {[%emt 0:00:30]} 3. Bb5+ {[%emt 0:00:30]} Nd7 {[%emt 0:00:30]} 4. d4 {[%emt 0:00:30]} cxd4 {[%emt 0:00:30]} 5. Qxd4 {[%emt 0:00:00]} a6 {[%emt 0:00:00]} 6. Bxd7+ {[%emt 0:00:00]} Bxd7 {[%emt 0:00:00]} 7. c4 {[%emt 0:00:30]} Nf6 {[%emt 0:00:30]} 8. Nc3 {[%emt 0:02:30]} g6 {[%emt 0:11:30]} 9. O-O {[%emt 0:08:30]} Bg7 {[%emt 0:02:30]} 10. c5 {[%emt 0:05:30]} dxc5 {[%emt 0:06:30]} 11. Qxc5 {[%emt 0:00:30]} Rc8 {[%emt 0:00:30]} 12. Qa3 {[%emt 0:00:30]} O-O {[%emt 0:02:30]} 13. Rd1 {[%emt 0:07:30]} Re8 {[%emt 0:23:30]} 14. h3 {[%emt 0:10:30]} Rxc3 {[%emt 0:19:30]} 15. Qxc3 {[%emt 0:02:30]} Nxe4 {[%emt 0:03:30]} 16. Qb4 {[%emt 0:00:30]} Nd6 {[%emt 0:01:30]} 17. Bf4 {[%emt 0:03:30]} a5 {[%emt 0:00:30]} 18. Qd2 {[%emt 0:12:30]} Ba4 {[%emt 0:01:30]} 19. Rdc1 {[%emt 0:00:00]} e5 {[%emt 0:05:56]} 20. Bg5 {[%emt 0:07:00]} Qb6 {[%emt 0:01:05]} 21. Be3 {[%emt 0:00:30]} Qa6 {[%emt 0:00:33]} 22. b3 {[%emt 0:08:30]} Bb5 {[%emt 0:00:43]} 23. Re1 {[%emt 0:12:42]} e4 {[%emt 0:00:53]} 24. Nd4 {[%emt 0:00:30]} Bd3 {[%emt 0:00:05]} 25. Rac1 {[%emt 0:00:24]} f5 {[%emt 0:00:34]} 26. Ne2 {[%emt 0:01:39]} Nf7 {[%emt 0:00:36]} 27. Rc5 {[%emt 0:02:35]} Be5 {[%emt 0:12:37]} 28. Nc1 {[%emt 0:05:29]} Rd8 {[%emt 0:00:27]} 29. Nxd3 {[%emt 0:00:58]} Rxd3 {[%emt 0:00:10]} 30. Qxa5 {[%emt 0:03:29]} Qd6 {[%emt 0:01:19]} 31. Rcc1 {[%emt 0:03:15]} Kg7 {[%emt 0:01:39]} 32. Qc5 {[%emt 0:01:15]} Qd8 {[%emt 0:01:20]} 33. Qc8 {[%emt 0:00:20]} Qd5 {[%emt 0:01:36]} 34. Bc5 {[%emt 0:00:33]} h6 {[%emt 0:00:37]} 35. Qf8+ {[%emt 0:00:55]} Kh7 {[%emt 0:00:04]} 36. Be3 {[%emt 0:00:17]} Bc3 {[%emt 0:01:14]} 37. Rf1 {[%emt 0:00:26]} g5 {[%emt 0:00:15]} 38. Qc5 {[%emt 0:00:02]} Qxc5 {[%emt 0:01:11]} 39. Bxc5 {[%emt 0:00:30]} Ne5 {[%emt 0:00:30]} 40. Rxc3 {[%emt 0:00:30]} Rxc3 {[%emt 0:30:30]} 41. Bd4 {[%emt 0:30:30]} Nf3+ {[%emt 0:00:30]} 42. gxf3 {[%emt 0:00:30]} Rxf3 {[%emt 0:00:30]} 43. Rc1 {[%emt 0:00:30]} Rxh3 {[%emt 0:00:30]} 44. Rc7+ {[%emt 0:00:30]} Kg6 {[%emt 0:00:30]} 45. Rxb7 {[%emt 0:00:30]} Rd3 {[%emt 0:00:30]} 46. Rb6+ {[%emt 0:00:30]} Kh5 {[%emt 0:00:30]} 47. Bc5 {[%emt 0:00:30]} f4 {[%emt 0:00:30]} 48. Re6 {[%emt 0:00:30]} Rd1+ {[%emt 0:00:00]} 49. Kg2 {[%emt 0:00:00]} Re1 {[%emt 0:00:00]} 50. a4 {[%emt 0:00:00]} Kg4 {[%emt 0:00:00]} 51. Rxe4 {[%emt 0:00:00]} Rxe4 {[%emt 0:00:00]} 52. f3+ {[%emt 0:00:00]} Kf5 {[%emt 0:00:00]} 53. fxe4+ {[%emt 0:00:00]} Kxe4 {[%emt 0:00:00]} 54. a5 {[%emt 0:00:00]} Kd5 {[%emt 0:00:00]} 55. a6 {[%emt 0:00:00]} Kc6 {[%emt 0:00:00]} 56. b4 {[%emt 0:00:00]} g4 {[%emt 0:00:00]} 57. b5+ {[%emt 0:00:00]} 1-0

[Event "22nd ECCC Women 2017"]
[Site "Antalya"]
[Date "2017.10.11"]
[Round "3"]
[White "Fataliyeva, Ulviyya"]
[Black "Badelka, Olga"]
[Result "1-0"]
[WhiteElo "2348"]
[BlackElo "2353"]
[Annotator "ChessBase"]
[PlyCount "85"]
[EventType "team-tourn"]
[EventCountry "TUR"]
[SourceTitle "playchess.com"]
[Source "ChessBase"]
[SourceQuality "1"]
[WhiteTeam "Odlar Yurdu"]
[BlackTeam "Bossa Nova"]
[TimeControl "40/5400+30:1800+30"]

1. e4 {[%emt 0:00:30]} c5 {[%emt 0:01:00]} 2. Nf3 {[%emt 0:00:00]} Nc6 {[%emt 0:00:00]} 3. Bb5 {[%emt 0:00:00]} e6 {[%emt 0:00:00]} 4. O-O {[%emt 0:00:30]} Nge7 {[%emt 0:00:30]} 5. c3 {[%emt 0:00:00]} a6 {[%emt 0:00:30]} 6. Ba4 {[%emt 0:00:00]} b5 {[%emt 0:00:30]} 7. Bc2 {[%emt 0:00:00]} Bb7 {[%emt 0:00:30]} 8. Qe2 {[%emt 0:00:00]} Ng6 {[%emt 0:01:30]} 9. a4 {[%emt 0:01:30]} c4 {[%emt 0:03:30]} 10. d3 {[%emt 0:04:30]} cxd3 {[%emt 0:00:30]} 11. Bxd3 {[%emt 0:00:30]} b4 {[%emt 0:00:00]} 12. Be3 {[%emt 0:05:30]} Be7 {[%emt 0:01:00]} 13. Nbd2 {[%emt 0:00:30]} bxc3 {[%emt 0:11:30]} 14. bxc3 {[%emt 0:00:30]} Nce5 {[%emt 0:00:30]} 15. Bc2 {[%emt 0:36:30]} Nxf3+ {[%emt 0:06:30]} 16. Nxf3 {[%emt 0:00:30]} O-O {[%emt 0:01:30]} 17. a5 {[%emt 0:05:30]} Bf6 {[%emt 0:10:30]} 18. Rab1 {[%emt 0:04:30]} Qc7 {[%emt 0:06:30]} 19. Rfc1 {[%emt 0:05:30]} Rfc8 {[%emt 0:05:30]} 20. Bd3 {[%emt 0:02:30]} d6 {[%emt 0:13:30]} 21. Rb6 {[%emt 0:02:30]} Rcb8 {[%emt 0:02:30]} 22. Rcb1 {[%emt 0:05:30]} Bc6 {[%emt 0:09:30]} 23. Nd4 {[%emt 0:02:30]} Bxd4 {[%emt 0:00:30]} 24. cxd4 {[%emt 0:00:30]} Rxb6 {[%emt 0:02:30]} 25. Rxb6 {[%emt 0:00:30]} Bb7 {[%emt 0:03:11]} 26. Qc2 {[%emt 0:03:22]} Qd7 {[%emt 0:00:17]} 27. Qb1 {[%emt 0:00:00]} Bc8 {[%emt 0:01:11]} 28. Qb4 {[%emt 0:00:45]} Nf8 {[%emt 0:05:09]} 29. Rxd6 {[%emt 0:01:06]} Qe8 {[%emt 0:03:25]} 30. d5 {[%emt 0:01:51]} exd5 {[%emt 0:01:12]} 31. exd5 {[%emt 0:00:26]} Bd7 {[%emt 0:01:23]} 32. Rxa6 {[%emt 0:00:45]} Rc8 {[%emt 0:00:14]} 33. Rb6 {[%emt 0:00:43]} Qe5 {[%emt 0:00:54]} 34. Qd2 {[%emt 0:02:17]} f5 {[%emt 0:03:59]} 35. Bf1 {[%emt 0:02:30]} Ng6 {[%emt 0:01:17]} 36. f4 {[%emt 0:01:51]} Qa1 {[%emt 0:02:49]} 37. Rb7 {[%emt 0:02:26]} Rd8 {[%emt 0:01:20]} 38. Qb2 {[%emt 0:02:39]} Qa4 {[%emt 0:02:05]} 39. Rb4 {[%emt 0:03:25]} Qd1 {[%emt 0:00:23]} 40. Qd2 {[%emt 0:00:00]} Qa1 {[%emt 0:01:11]} 41. Bd4 {[%emt 0:07:54]} Qa3 {[%emt 0:00:30]} 42. Bb2 {[%emt 0:03:30]} Qxa5 {[%emt 0:00:30]} 43. Qd4 {[%emt 0:00:30]} 1-0

[Event "22nd ECCC Women 2017"]
[Site "Antalya"]
[Date "2017.10.11"]
[Round "3"]
[White "Zaiatz, Elena"]
[Black "Mammadova, Gulnar"]
[Result "1-0"]
[WhiteElo "2334"]
[BlackElo "2385"]
[Annotator "ChessBase"]
[PlyCount "69"]
[EventType "team-tourn"]
[EventCountry "TUR"]
[SourceTitle "playchess.com"]
[Source "ChessBase"]
[SourceQuality "1"]
[WhiteTeam "Bossa Nova"]
[BlackTeam "Odlar Yurdu"]
[TimeControl "40/5400+30:1800+30"]

1. d4 {[%emt 0:00:30]} d5 {[%emt 0:01:00]} 2. c4 {[%emt 0:00:00]} c6 {[%emt 0:00:30]} 3. Nf3 {[%emt 0:00:00]} Nf6 {[%emt 0:00:30]} 4. Nc3 {[%emt 0:00:30]} a6 {[%emt 0:00:00]} 5. a4 {[%emt 0:07:30]} e6 {[%emt 0:00:00]} 6. g3 {[%emt 0:00:30]} Bb4 {[%emt 0:00:30]} 7. Qb3 {[%emt 0:02:30]} a5 {[%emt 0:03:30]} 8. c5 {[%emt 0:01:30]} b6 {[%emt 0:03:30]} 9. cxb6 {[%emt 0:01:30]} Qxb6 {[%emt 0:00:30]} 10. Bg2 {[%emt 0:02:30]} Nbd7 {[%emt 0:03:30]} 11. O-O {[%emt 0:00:30]} Ba6 {[%emt 0:02:30]} 12. Qc2 {[%emt 0:02:30]} c5 {[%emt 0:04:30]} 13. Na2 {[%emt 0:06:30]} cxd4 {[%emt 0:04:30]} 14. Nxb4 {[%emt 0:02:30]} Qxb4 {[%emt 0:03:30]} 15. b3 {[%emt 0:00:30]} Rc8 {[%emt 0:08:30]} 16. Qa2 {[%emt 0:00:00]} Nc5 {[%emt 0:04:30]} 17. Ba3 {[%emt 0:05:00]} Qxb3 {[%emt 0:02:30]} 18. Qd2 {[%emt 0:00:00]} Qb6 {[%emt 0:21:30]} 19. Rab1 {[%emt 0:09:00]} Qc7 {[%emt 0:03:30]} 20. Rfc1 {[%emt 0:00:30]} Nfd7 {[%emt 0:03:30]} 21. Nxd4 {[%emt 0:17:30]} O-O {[%emt 0:04:30]} 22. Nb5 {[%emt 0:09:30]} Qb6 {[%emt 0:03:30]} 23. e4 {[%emt 0:00:00]} Ne5 {[%emt 0:09:27]} 24. exd5 {[%emt 0:04:00]} Ncd3 {[%emt 0:05:15]} 25. Rd1 {[%emt 0:07:30]} Rfd8 {[%emt 0:01:57]} 26. Nd6 {[%emt 0:00:30]} Rxd6 {[%emt 0:02:37]} 27. Rxb6 {[%emt 0:00:30]} Rxb6 {[%emt 0:00:01]} 28. f4 {[%emt 0:03:17]} Nd7 {[%emt 0:02:10]} 29. dxe6 {[%emt 0:03:04]} fxe6 {[%emt 0:00:57]} 30. Qxa5 {[%emt 0:01:07]} Bc4 {[%emt 0:00:24]} 31. Qa7 {[%emt 0:00:54]} N3c5 {[%emt 0:01:43]} 32. Bxc5 {[%emt 0:00:46]} Rxc5 {[%emt 0:00:05]} 33. Qxd7 {[%emt 0:00:53]} Rb8 {[%emt 0:00:32]} 34. Rc1 {[%emt 0:00:28]} Rbc8 {[%emt 0:00:29]} 35. Bb7 {[%emt 0:00:46]} 1-0